Focus sur: Anairë - Tolkien - Statistiques

Statistiques générales
  • Ce quiz a été pris 7 fois
  • Le résultat moyen est 4 sur 10
Statistiques - réponses
Informations recherchées Réponses % Correct
Age durant lequel elle vécut Année des Arbres (au moins)
100%
Espèce Elfe
100%
Première apparition Le Silmarillion
67%
Groupe de l'espèce Noldor
50%
Contrée Valinor
50%
Argon
17%
Epoux Fingolfin
17%
Fils Turgon
17%
Fille Aredhel
0%
Fingon
0%
Aucun quiz correspondant
Distribution des résultats
% des personnes avec chaque résultat
Percentile par nombre de réponses
Votre historique - résultats
Vous n’avez pas pris ce quiz